| 000 | 00000nam##2200000za#4500 |
| 001 | 9.691525 |
| 003 | CaOODSP |
| 005 | 20210624232814 |
| 007 | cr ||||||||||| |
| 008 | 150407|2006||||xxc|||||o f|0| 0 eng|d |
| 020 | |a978-1-100-11042-4 |
| 040 | |aCaOODSP|beng |
| 043 | |an-cn--- |
| 086 | 1 |aCS89-634/3-2006E-PDF |
| 245 | 00|aFirst Nations children under six years old living off reserve |h[electronic resource] |
| 246 | 1 |iAdditional title (within publication) : |aAboriginal Children's Survey, 2006. First Nations children under six years old living off reserve |
| 260 | |aOttawa - Ontario : |bStatistics Canada |cNovember 2008. |
| 300 | |a5p.|bgraphs, table |
| 590 | |a11-01-Supp|b2011-01-11 |
| 710 | 2 |aStatistics Canada. |
| 775 | 08|tEnfants de moins de six ans des Premières nations vivant hors réserve |w(CaOODSP)9.635853 |
| 856 | 40|ahttp://publications.gc.ca|qPDF|s844 KB|uhttps://publications.gc.ca/collections/collection_2010/statcan/89-634-X/89-634-x2008003-eng.pdf |